| 000 | 00746nam a2200241Ia 4500 | ||
|---|---|---|---|
| 003 | OSt | ||
| 005 | 20220208143635.0 | ||
| 008 | 210716s2003 xx 000 0 und d | ||
| 020 | _a0130222666 | ||
| 040 | _cAIMIT LIBRARY | ||
| 041 | _aeng | ||
| 082 |
_a657.48 _21 _bREIJ |
||
| 100 |
_aReimers, Jane L. _917924 |
||
| 245 |
_aFinancial accounting : _ba business process approach / _cBy Jane L. Reimers. |
||
| 250 | _a1st ed. | ||
| 260 |
_aNew Jersey : _bPrentice Hall , _c2003. |
||
| 300 |
_axxvii, 451p ; _c28.3 cm. |
||
| 650 |
_aFinancial Accounting _917925 |
||
| 650 |
_aSales and Collection Cycle _917926 |
||
| 650 |
_aFinancial Statement Analysis _917927 |
||
| 650 |
_aAcquistion and Payment _917928 |
||
| 942 |
_2ddc _cBK _e1st _k657.48 REIJ |
||
| 999 |
_c202957 _d202957 |
||